Microeconomía
Gespeichert in:
| Hauptverfasser: | , |
|---|---|
| Format: | Buch |
| Sprache: | Spanisch |
| Veröffentlicht: |
Madrid
McGraw-Hill
2004
|
| Ausgabe: | 17a. ed |
| Schlagworte: | |
| Tags: |
Tag hinzufügen
Keine Tags, Fügen Sie den ersten Tag hinzu!
|
MARC
| LEADER | 00000nam a2200000 a 4500 | ||
|---|---|---|---|
| 001 | UCI1982 | ||
| 003 | CL-VaPUC | ||
| 008 | 070727e20040000SP |||||||||||||||||spa|d | ||
| 020 | |a 9701043073 | ||
| 082 | 0 | 4 | |a 338.5 |b SAM |2 21 |
| 100 | 0 | |a Samuelson, Paul A |e author |9 522803 | |
| 700 | 0 | |a Nordhaus, William D |e author |9 522804 | |
| 245 | 1 | 0 | |a Microeconomía |
| 250 | |a 17a. ed | ||
| 300 | |a 396 p | ||
| 942 | |c BK | ||
| 945 | |d 20070727 00:00:00 |a jtorresc | ||
| 260 | |a Madrid |b McGraw-Hill |c 2004 | ||
| 650 | 0 | |a Microeconomía |9 258126 | |
| 650 | 0 | |a Oferta y demanda |9 255571 | |
| 650 | 0 | |a Equilibrio económico |9 322667 | |
| 650 | 0 | |a Consumidores |9 315658 | |
| 650 | 7 | |a TEORIA DE LA DEMANDA |2 CL-VaPUC |9 404602 | |
| 650 | 0 | |a Producción |9 263680 | |
| 650 | 0 | |a Competencia |9 269688 | |
| 650 | 0 | |a Monopolios |9 255549 | |
| 650 | 0 | |a Precios |9 260787 | |
| 650 | 0 | |a Costos |9 261063 | |
| 583 | |a last modification |c 20070727 00:00:00 |k Rodrigo Vera | ||
| 999 | |c 326648 |d 326646 | ||
| 952 | |0 0 |1 0 |2 ddc |4 0 |6 338_500000000000000_SAM_2004 |7 0 |8 A |9 408680 |a BIBING |b BIBING |c RES |d 2019-11-22 |i 4359771 |o 338.5 SAM 2004 |p 4359771 |r 2025-01-20 |w 2019-11-22 |y BK |k CIC | ||